01167cam a22003015a 45000010009000000050017000090080041000260100017000670200028000840400033001120820021001452450136001662600052003023000045003545040051003995410039004506500033004896500026005226500042005486500025005906510010006156530025006257000043006507000036006939420008007299990017007379520111007541271440720171107154716.0020322t2003 enka frb 001 0 eng d a 2002021739 a1852335769 (alk. paper) aDLCbengcDLCdDLCdEG-ScBUE04a005.276bVIS22200aVisualizing the semantic Web :bXML-based Internet and information visualization /c[editors] Vladimir Geroimenko and Chaomei Chen. aLondon ;aNew York :bSpringer-Verlag,cc.2003. aix, 202 p. :bill. (some col.) ;c24 cm. aIncludes bibliographical references and index. aDonation from Vladimir Geroimenko. 7aWeb site development.2BUEsh 7aVisualization.2BUEsh 7aXML (Document markup language)2BUEsh 7aSemantic Web.2BUEsh 2BUEsh bCOMSCIcNovember20171 aGeroimenko, Vladimir,d1955-,eeditor.1 aChen, Chaomei,d1960-,eeditor. 2ddc c25545d25517 00102ddc4070aMAINbMAINcLOWd2017-11-07eDonationl0o005.276 VISp000042420r2025-07-15 00:00:00yBB